000 00843nab a2200241u 4500
001 22820
003 HDC
007 c| |||a|c|aaaa
008 210309b20120720my ||||o |||| 00| 0 eng d
040 _aHDC
100 _aNaumaan Farooq /
_eauthor
_916372
245 0 _aUK: Faccenda Group opts out of Halal poultry operation /
_cNaumaan Farooq
336 _atext
_2rdacontent
337 _acomputer
_2rdamedia
338 _aonline resource
_2rdacarrier
650 _aAssociation of Non Stun Abbatoirs (ANSA)
_919535
650 _aHalal Food Authority (HFA)
_912102
710 _aAsian Express Newspapers
856 _zRequest full-text at [email protected]
942 _2lcc
942 _cNEWS
942 _kNWS0 005019
999 _c20136
_d20136